Central Library and Information Centre
Sibsagar Girls' College, Sivasagar : Assam

MICRO ECONOMICS (Record no. 10091)

MARC details
000 -LEADER
fixed length control field 00477cam a2200193ua 4500
008 - FIXED-LENGTH DATA ELEMENTS--GENERAL INFORMATION
fixed length control field 160304n2004 II |||gr||||Z||||||eng
040 ## - CATALOGING SOURCE
Original cataloging agency MAIN
041 ## - LANGUAGE CODE
-- English
082 ## - DEWEY DECIMAL CLASSIFICATION NUMBER
Classification number 338.5 VAR
100 ## - MAIN ENTRY--PERSONAL NAME
Personal name VARMA , MM .
245 ## - TITLE STATEMENT
Title MICRO ECONOMICS
260 ## - PUBLICATION, DISTRIBUTION, ETC.
Place of publication, distribution, etc. NEW DELHI
Name of publisher, distributor, etc. KING BOOK EDUCATIONAL PUBLISHERS
Date of publication, distribution, etc. 2004
300 ## - PHYSICAL DESCRIPTION
Extent (1--P.):
Dimensions 20CM.
700 ## - ADDED ENTRY--PERSONAL NAME
Personal name VARMA , MM .,
Relator term Author.
700 ## - ADDED ENTRY--PERSONAL NAME
Personal name AGARWAL , R.K .
942 ## - ADDED ENTRY ELEMENTS (KOHA)
Koha item type Books
653 ## - INDEX TERM--UNCONTROLLED
Uncontrolled term Micro Economics
Holdings
Withdrawn status Lost status Damaged status Not for loan Collection code Home library Current library Shelving location Date acquired Total Checkouts Full call number Barcode Date last seen Date last checked out Copy number Price effective from Koha item type Public note
        TBECO Central Library and Information Centre Sibsagar Girls College Central Library and Information Centre Sibsagar Girls College ECONOMICS BOOK RACK 04.02.1984 1 338.5 VAR 08828 24.08.2023 09.08.2023 1 27.02.2020 Books V


Sibsagar Girl's College © 2020. All rights reserved.
Powered by Koha.
Maintained by Abhijit Borpuzari.